[Event "BL 8283 Koblenz-Erlangen"]
[Site "?"]
[Date "1982.??.??"]
[Round "?.2"]
[White "Schulz, KJ."]
[Black "Heidrich, M."]
[Result "1-0"]
[WhiteElo "2310"]
[BlackElo "2225"]
[PlyCount "67"]
[EventDate "1982.??.??"]

1. e4 c5 2. Nf3 Nf6 3. e5 Nd5 4. d4 cxd4 5. Qxd4 e6 6. Bc4 Nc6 7. Qe4 Nb6 8.
Bb3 d5 9. exd6 Bxd6 10. O-O Bd7 11. Nc3 Qe7 12. Re1 h6 13. Nb5 Bb8 14. Bd2 O-O
15. c4 a6 16. Nbd4 e5 17. Nf5 Qf6 18. Ng3 Re8 19. c5 Nc8 20. Bc2 g6 21. Bxh6
N8e7 22. Rad1 Be6 23. Nh5 Qh8 24. Qh4 gxh5 25. Qg5+ Ng6 26. Bxg6 f6 27. Qxh5
Re7 28. Be8 Bc7 29. Qg6+ Rg7 30. Bxg7 Qxg7 31. Qxg7+ Kxg7 32. Bd7 Kf7 33. Bxe6+
Kxe6 34. Nd4+ 1-0

[Event "BL 8283 Bamberg-Koblenz"]
[Site "?"]
[Date "1982.??.??"]
[Round "?.1"]
[White "Doncevic, D."]
[Black "Hartmann, Wo"]
[Result "1/2-1/2"]
[WhiteElo "2275"]
[BlackElo "2275"]
[PlyCount "65"]
[EventDate "1982.??.??"]

1. c4 c5 2. g3 g6 3. Bg2 Bg7 4. Nc3 Nc6 5. e4 d6 6. Nge2 e6 7. d3 Nge7 8. Rb1
O-O 9. O-O Qd7 10. Be3 Nd4 11. Qd2 b6 12. Bh6 Bb7 13. Bxg7 Kxg7 14. f4 f5 15.
Nxd4 cxd4 16. Ne2 e5 17. Rbc1 Rac8 18. b3 h6 19. h3 Kh7 20. Kh2 Rf7 21. Rf2
Rcf8 22. Rcf1 Ng8 23. exf5 gxf5 24. Bxb7 Qxb7 25. Ng1 Ne7 26. fxe5 dxe5 27. g4
Qc7 28. Kh1 Qc6+ 29. Kh2 Qd6 30. Kh1 Qc6+ 31. Kh2 Qg6 32. Qe2 Qd6 33. Kh1
1/2-1/2

[Event "BL 8283 Bamberg-Koblenz"]
[Site "?"]
[Date "1982.??.??"]
[Round "?.2"]
[White "Backwinkel, P."]
[Black "Schulz, KJ."]
[Result "1/2-1/2"]
[WhiteElo "2305"]
[BlackElo "2310"]
[PlyCount "49"]
[EventDate "1982.??.??"]

1. Nf3 c5 2. b3 Nc6 3. Bb2 d5 4. e3 Nf6 5. Bb5 Bd7 6. O-O e6 7. d3 Be7 8. Nbd2
O-O 9. Bxc6 Bxc6 10. Ne5 Qc7 11. f4 Rfd8 12. Rf3 Be8 13. Rh3 d4 14. e4 b5 15.
Qe2 Bd6 16. Ndf3 Bxe5 17. Nxe5 Nd7 18. Rf1 Nxe5 19. fxe5 Qxe5 20. Bc1 f5 21.
Bf4 Qf6 22. Rg3 Rd7 23. Bg5 Qe5 24. Bf4 Qf6 25. Bg5 1/2-1/2

[Event "BL 8283 Bamberg-Koblenz"]
[Site "?"]
[Date "1982.??.??"]
[Round "?.3"]
[White "Wolf, V."]
[Black "Kestler, H."]
[Result "1-0"]
[WhiteElo "2245"]
[BlackElo "2395"]
[PlyCount "97"]
[EventDate "1982.??.??"]

1. e4 c5 2. Nf3 d6 3. d4 cxd4 4. Nxd4 Nf6 5. Nc3 Nc6 6. Bc4 Qb6 7. Nde2 e6 8.
O-O Be7 9. Bb3 a6 10. Ng3 O-O 11. Bg5 Qa5 12. f4 h6 13. Bxf6 Bxf6 14. Rf3 Be7
15. Kh1 Bd7 16. e5 d5 17. Nh5 g6 18. Rh3 Qb4 19. Bxd5 Rad8 20. Be4 Be8 21. Qg4
Rd4 22. Re1 Rxe4 23. Rxe4 Qxb2 24. Nf6+ Bxf6 25. exf6 h5 26. Rxh5 Qa1+ 27. Nd1
Qxf6 28. Rg5 Kg7 29. h3 Nd4 30. Ne3 Bc6 31. Ree5 Rd8 32. c3 Nb5 33. Qh4 Nxc3
34. Ng4 Rd1+ 35. Re1 Qd4 36. Rxg6+ fxg6 37. Qe7+ Kh8 38. Qf8+ Kh7 39. Rxd1
Qxd1+ 40. Kh2 Nd5 41. Qf7+ Kh8 42. Ne5 Nxf4 43. Qxf4 Qc2 44. Qf6+ Kh7 45. Qf7+
Kh6 46. Ng4+ Kg5 47. Qf6+ Kh5 48. Qh8+ Kg5 49. Qh6+ 1-0

[Event "BL 8283 Bamberg-Koblenz"]
[Site "?"]
[Date "1982.??.??"]
[Round "?.4"]
[White "Bartsch, B."]
[Black "Heimerl, L."]
[Result "1/2-1/2"]
[WhiteElo "2265"]
[BlackElo "2215"]
[PlyCount "72"]
[EventDate "1982.??.??"]

1. e4 c5 2. Nc3 e6 3. g3 d5 4. d3 d4 5. Nce2 e5 6. f4 Nc6 7. Nf3 Bd6 8. Bg2 f6
9. O-O Be6 10. fxe5 fxe5 11. Ng5 Qd7 12. Nxe6 Qxe6 13. c4 Nf6 14. Kh1 O-O 15.
Ng1 Ng4 16. Nf3 Ne3 17. Bxe3 dxe3 18. Qa4 Nd4 19. Rae1 e2 20. Rf2 Qg4 21. Nxd4
Rxf2 22. Nf5 Qg5 23. Qc2 Rf8 24. h4 Qf6 25. Qd2 g6 26. Ne3 Qg7 27. Kg1 Qh6 28.
Rxe2 Rxe2 29. Qxe2 Bc7 30. Bh3 Ba5 31. Kg2 Kh8 32. Be6 Qg7 33. Nd5 h5 34. a3
Qh6 35. b4 cxb4 36. axb4 Bd8 1/2-1/2

[Event "BL 8283 Bamberg-Koblenz"]
[Site "?"]
[Date "1982.??.??"]
[Round "?.8"]
[White "Treppner, G."]
[Black "Koerholz, L."]
[Result "1-0"]
[WhiteElo "2310"]
[BlackElo "2220"]
[PlyCount "107"]
[EventDate "1982.??.??"]

1. Nf3 c5 2. c4 Nf6 3. Nc3 g6 4. d4 cxd4 5. Nxd4 Nc6 6. g3 d6 7. Bg2 Bd7 8. O-O
Bg7 9. Nc2 O-O 10. Bd2 a6 11. Nd5 Nxd5 12. cxd5 Na5 13. Qe1 Nc4 14. Bc3 Bxc3
15. Qxc3 Rc8 16. Rfc1 Qb6 17. b3 Na3 18. Qe3 Qxe3 19. Nxe3 Nb5 20. Nc4 Nd4 21.
Kf1 Bb5 22. e3 Nf5 23. Ke1 Bxc4 24. Rxc4 Rxc4 25. bxc4 Rc8 26. Bf1 Kf8 27. Rb1
Rc7 28. Kd2 Ke8 29. Kd3 Kd8 30. Bh3 Ng7 31. e4 e6 32. Rb6 Rd7 33. c5 dxc5 34.
d6 Kc8 35. Kc4 Kb8 36. Kxc5 Rd8 37. Rb2 Rc8+ 38. Kd4 b5 39. Ke5 Nh5 40. d7 Rd8
41. Kd6 Nf6 42. Ke7 Rxd7+ 43. Kxf6 Kc7 44. e5 Kc6 45. Rc2+ Kb7 46. Bg2+ Kb6 47.
Rc6+ Ka5 48. Rd6 Rc7 49. Bc6 Kb4 50. Be8 Rc2 51. Bxf7 Rxf2+ 52. Kxe6 Rxa2 53.
Kd7 a5 54. Bxa2 1-0

[Event "BL 8283 Erlangen-Zähringen"]
[Site "?"]
[Date "1982.??.??"]
[Round "?.1"]
[White "Herbrechtsmeier, C."]
[Black "Feustel, B."]
[Result "0-1"]
[WhiteElo "2320"]
[BlackElo "2360"]
[PlyCount "72"]
[EventDate "1982.??.??"]

1. e4 g6 2. d4 Bg7 3. g3 d6 4. Bg2 Nd7 5. Ne2 Ngf6 6. O-O O-O 7. a4 Rb8 8. Nd2
c5 9. d5 b6 10. Nc3 a6 11. Qe2 Ne8 12. Nc4 Nc7 13. Bg5 f6 14. Bd2 Ne5 15. Ne3
f5 16. exf5 gxf5 17. f4 Ng6 18. Ncd1 e5 19. dxe6 Nxe6 20. Bd5 Qe7 21. Re1 Kh8
22. Nxf5 Rxf5 23. Bxe6 Bd4+ 24. Be3 Nxf4 25. Bxd4+ cxd4 26. gxf4 Bxe6 27. Qxe6
Qg7+ 28. Kh1 Rg8 29. Qxg8+ Qxg8 30. Ra3 Rxf4 31. Rg3 Rg4 32. Rf3 Qa8 33. Ref1
Qe4 34. c3 d3 35. Ne3 Rf4 36. Kg2 d2 0-1

[Event "BL 8283 Erlangen-Zähringen"]
[Site "?"]
[Date "1982.??.??"]
[Round "?.2"]
[White "Heidrich, M."]
[Black "Schuh, H."]
[Result "1/2-1/2"]
[WhiteElo "2225"]
[BlackElo "2305"]
[PlyCount "76"]
[EventDate "1982.??.??"]

1. e4 c5 2. Nf3 e6 3. c3 d5 4. exd5 Qxd5 5. d4 Nc6 6. Bd3 Nf6 7. O-O Be7 8.
dxc5 O-O 9. Qe2 e5 10. Nbd2 Bg4 11. Ne4 Rad8 12. Bc2 Nxe4 13. Qxe4 Qxe4 14.
Bxe4 Bxf3 15. Bxf3 Bxc5 16. Re1 h6 17. Kf1 Rfe8 18. b4 Bb6 19. Be3 Bxe3 20.
Rxe3 f5 21. Bxc6 bxc6 22. Rae1 Rd5 23. c4 Rd4 24. Rxe5 Rxe5 25. Rxe5 Rxc4 26.
a3 Rc1+ 27. Ke2 Rc2+ 28. Ke1 f4 29. Ra5 Kh7 30. Rxa7 Ra2 31. Ra6 g5 32. h3 h5
33. a4 Rb2 34. Rxc6 g4 35. hxg4 hxg4 36. a5 Rb1+ 37. Ke2 Rb2+ 38. Ke1 Rb1+
1/2-1/2

[Event "BL 8283 Erlangen-Zähringen"]
[Site "?"]
[Date "1982.??.??"]
[Round "?.5"]
[White "Vatter, H."]
[Black "Roeder, F."]
[Result "1/2-1/2"]
[WhiteElo "2240"]
[BlackElo "2275"]
[PlyCount "110"]
[EventDate "1982.??.??"]

1. e4 c5 2. c3 d5 3. exd5 Qxd5 4. d4 cxd4 5. cxd4 Nc6 6. Nf3 e5 7. Nc3 Bb4 8.
Bd2 Bxc3 9. Bxc3 e4 10. Ne5 Nxe5 11. dxe5 Ne7 12. Qa4+ Bd7 13. Qa3 Qe6 14. Qb4
O-O 15. Bc4 Nd5 16. Bxd5 Qxd5 17. Rd1 Qb5 18. Qxe4 Be6 19. a4 Qa6 20. Rd6 b6
21. f4 g6 22. h3 Rac8 23. Kf2 Rc4 24. Rd4 Qxa4 25. Rxc4 Qxc4 26. Qxc4 Bxc4 27.
Rd1 Be6 28. g4 Rc8 29. Ke3 Kf8 30. Rf1 Ke8 31. f5 Bd5 32. Kf4 Rc4+ 33. Kg3 a5
34. Rd1 Be4 35. f6 Rc5 36. Kf4 Bg2 37. Rd6 Rc6 38. Rd1 Rc7 39. Rg1 Rc4+ 40. Kg3
Bb7 41. Rf1 Bc8 42. Rd1 Bd7 43. Kh4 h5 44. Bd4 hxg4 45. hxg4 Rc6 46. Kg5 b5 47.
Ba7 a4 48. Rd5 Rc4 49. Bb6 Rxg4+ 50. Kh6 Re4 51. Bc7 Re2 52. Kg7 g5 53. Rd1 g4
54. Rh1 Be6 55. Rd1 Bd7 1/2-1/2

[Event "BL 8283 Erlangen-Zähringen"]
[Site "?"]
[Date "1982.??.??"]
[Round "?.6"]
[White "Tischer, G."]
[Black "Vogel, R."]
[Result "1-0"]
[WhiteElo "2275"]
[BlackElo "2245"]
[PlyCount "75"]
[EventDate "1982.??.??"]

1. c4 Nf6 2. d4 g6 3. Nf3 Bg7 4. g3 O-O 5. Bg2 d5 6. cxd5 Nxd5 7. O-O Nc6 8. e4
Nb6 9. d5 Na5 10. Nc3 c6 11. Bg5 cxd5 12. exd5 h6 13. Bf4 Nac4 14. Qe2 Bd7 15.
b3 Bxc3 16. bxc4 Bxa1 17. Rxa1 Kh7 18. Ne5 f6 19. Nf3 Re8 20. Nd4 Qc8 21. Rc1
e5 22. dxe6 Bxe6 23. Nxe6 Rxe6 24. Qd2 Qf8 25. c5 Rd8 26. Qb2 Nc8 27. Qxb7+ Qg7
28. c6 g5 29. Be3 f5 30. c7 Rf8 31. Bd5 Ree8 32. Bc5 Re7 33. Bxe7 Qxe7 34. Qa6
f4 35. Qd3+ Kg7 36. Qd4+ Rf6 37. Bb7 fxg3 38. hxg3 1-0

[Event "BL 8283 Erlangen-Zähringen"]
[Site "?"]
[Date "1982.??.??"]
[Round "?.7"]
[White "Kiefer, G."]
[Black "Stoll, J."]
[Result "1/2-1/2"]
[WhiteElo "2230"]
[BlackElo "2225"]
[PlyCount "100"]
[EventDate "1982.??.??"]

1. d4 Nf6 2. c4 e6 3. Nf3 b6 4. g3 Ba6 5. Qc2 c5 6. Bg2 Bb7 7. O-O cxd4 8. Nxd4
Bxg2 9. Kxg2 Be7 10. Nc3 O-O 11. e4 d6 12. Rd1 Qc8 13. b3 a6 14. Bb2 Ra7 15.
Qe2 Rd8 16. Rd2 Rc7 17. Rc1 Qb7 18. Kg1 Nbd7 19. Re1 Rdc8 20. Rc2 Bf8 21. Rcc1
g6 22. Nf3 Ng4 23. Nb1 b5 24. h3 Nge5 25. Nxe5 Nxe5 26. cxb5 Qxb5 27. Rxc7 Rxc7
28. Qxb5 axb5 29. Rc1 Rxc1+ 30. Bxc1 b4 31. Kf1 d5 32. exd5 exd5 33. Ke2 Bc5
34. Bf4 f6 35. Nd2 Kf7 36. g4 Ke6 37. Bg3 f5 38. f3 Nc6 39. Kd3 Na7 40. Nb1 Nb5
41. Ke2 d4 42. Kd3 Kd5 43. Be1 Na7 44. Bg3 Nb5 45. Be1 Na7 46. gxf5 gxf5 47.
Bg3 Nc6 48. Nd2 Na7 49. Nc4 Nb5 50. Be1 Be7 {.../73/} 1/2-1/2

[Event "BL 8283 Porz-München 36"]
[Site "?"]
[Date "1982.??.??"]
[Round "?.1"]
[White "Unzicker, W."]
[Black "Hort, V."]
[Result "1/2-1/2"]
[WhiteElo "2465"]
[BlackElo "2600"]
[PlyCount "65"]
[EventDate "1982.??.??"]

1. e4 c6 2. d4 d5 3. Nc3 dxe4 4. Nxe4 Nf6 5. Nxf6+ gxf6 6. Bc4 h5 7. Ne2 Bg4 8.
h3 Bf5 9. Ng3 Bg6 10. h4 e6 11. Bf4 Be7 12. Ne2 Nd7 13. Bd3 Nf8 14. Qd2 Bxd3
15. Qxd3 Ng6 16. O-O-O a5 17. Kb1 a4 18. c4 Qa5 19. Bd2 Qa6 20. Nf4 Nxf4 21.
Bxf4 O-O-O 22. Qc2 a3 23. b3 Rd7 24. Rd3 Rhd8 25. Rhd1 Qa5 26. Bd2 Bb4 27. Bxb4
Qxb4 28. Qd2 Qb6 29. Qf4 f5 30. Kc2 Rg8 31. Rg3 Rgd8 32. Rgd3 Rg8 33. Rg3
1/2-1/2

[Event "BL 8283 Porz-München 36"]
[Site "?"]
[Date "1982.??.??"]
[Round "?.2"]
[White "Miles, A."]
[Black "Bastian, H."]
[Result "1-0"]
[WhiteElo "2565"]
[BlackElo "2360"]
[PlyCount "93"]
[EventDate "1982.??.??"]

1. d4 Nf6 2. c4 c6 3. Nc3 d5 4. Nf3 g6 5. e3 Bg7 6. Be2 O-O 7. O-O Nbd7 8. b4
dxc4 9. Bxc4 Nb6 10. Be2 Nfd5 11. Qb3 Nxc3 12. Qxc3 Nd5 13. Qb3 Be6 14. Qb2 Qb6
15. e4 Nxb4 16. Bg5 f6 17. Bd2 Na6 18. Qa3 Qd8 19. Rab1 Qd7 20. Qb2 Nc7 21.
Qxb7 Bxa2 22. Rb2 Be6 23. Rc1 Nb5 24. Qxd7 Bxd7 25. d5 cxd5 26. Bxb5 Bxb5 27.
Rxb5 dxe4 28. Nd4 Rfd8 29. Be3 Rd6 30. Nc6 Kf7 31. g4 a5 32. Nxa5 Rad8 33. Kg2
Rd5 34. Nc6 R8d7 35. Rxd5 Rxd5 36. Rb1 f5 37. Rb7 Bf8 38. gxf5 gxf5 39. Bg5 Kg6
40. Bxe7 Bg7 41. Ba3 Bf6 42. Ne7+ Bxe7 43. Rxe7 Rd3 44. Bb2 Rb3 45. Bd4 Rf3 46.
Rg7+ Kh6 47. Rg3 1-0

[Event "BL 8283 Markth'feld-Bayern"]
[Site "?"]
[Date "1982.??.??"]
[Round "?.1"]
[White "Kindermann, S."]
[Black "Goehring, K."]
[Result "1/2-1/2"]
[WhiteElo "2465"]
[BlackElo "2365"]
[PlyCount "47"]
[EventDate "1982.??.??"]

1. e4 c5 2. Nf3 Nc6 3. d4 cxd4 4. Nxd4 Nf6 5. Nc3 d6 6. Bg5 e6 7. Qd2 a6 8.
O-O-O Bd7 9. f4 h6 10. Bh4 Nxe4 11. Qe1 Nf6 12. Nf5 Qa5 13. Nxd6+ Bxd6 14. Rxd6
O-O-O 15. Bxf6 gxf6 16. Be2 Ne7 17. Bf3 Bc6 18. Rxd8+ Rxd8 19. Bxc6 Nxc6 20.
Qe4 Qc5 21. g3 f5 22. Qf3 Nd4 23. Qg2 Kc7 24. Rd1 1/2-1/2

[Event "BL 8283 Markth'feld-Bayern"]
[Site "?"]
[Date "1982.??.??"]
[Round "?.3"]
[White "Klundt, K."]
[Black "Oechslein, R."]
[Result "1-0"]
[WhiteElo "2380"]
[BlackElo "2205"]
[PlyCount "63"]
[EventDate "1982.??.??"]

1. e4 c5 2. Nf3 e6 3. d4 cxd4 4. Nxd4 Nf6 5. Nc3 Nc6 6. Ndb5 d6 7. Bf4 e5 8.
Bg5 a6 9. Na3 Be6 10. Nc4 Rc8 11. Bxf6 gxf6 12. Bd3 Rg8 13. O-O Bh6 14. Nd5 Bg4
15. Be2 Bh3 16. Nce3 f5 17. exf5 Nd4 18. Bg4 Bxg4 19. Nxg4 Bg5 20. c3 Nxf5 21.
f4 exf4 22. Qd3 Ne3 23. Qxh7 Rf8 24. Rae1 Kd7 25. Ngxe3 fxe3 26. Rxf7+ Rxf7 27.
Qxf7+ Kc6 28. Qf3 Kd7 29. Qe4 Qe8 30. Qg4+ Kc6 31. Qc4+ Kd7 32. Nb6+ 1-0

[Event "BL 8283 Markth'feld-Bayern"]
[Site "?"]
[Date "1982.??.??"]
[Round "?.5"]
[White "Saacke, B."]
[Black "Meinberger, L."]
[Result "1/2-1/2"]
[WhiteElo "2380"]
[BlackElo "2240"]
[PlyCount "97"]
[EventDate "1982.??.??"]

1. d4 Nf6 2. Nf3 b6 3. e3 Bb7 4. Bd3 c5 5. O-O g6 6. Re1 Bg7 7. dxc5 bxc5 8. e4
Nc6 9. e5 Ng4 10. Be4 f5 11. exf6 Nxf6 12. Nc3 O-O 13. Bg5 Nxe4 14. Nxe4 d6 15.
c3 Rb8 16. Ned2 Qd7 17. Qa4 Rf7 18. Rad1 h6 19. Bh4 Qf5 20. Bg3 g5 21. Ne4 Bf8
22. Rd2 a6 23. h3 Nd8 24. Qc2 Bc6 25. Qd3 Bb5 26. Qe3 Rc8 27. Nh2 Bd7 28. Qe2
Bb5 29. c4 Bc6 30. Nc3 e5 31. Qg4 Ne6 32. Qxf5 Rxf5 33. Ng4 Nd4 34. Ne3 Rf7 35.
h4 Rb8 36. hxg5 hxg5 37. Ncd5 Bh6 38. b3 Bxd5 39. Nxd5 a5 40. Nc3 g4 41. Rd3
Kh7 42. Re4 Bf4 43. Bxf4 Rxf4 44. Rde3 Rbf8 45. Rxf4 Rxf4 46. g3 Nf3+ 47. Kg2
Rd4 48. Ne4 Kg6 49. Nc3 1/2-1/2

[Event "BL 8283 München 36-Markth'feld"]
[Site "?"]
[Date "1982.??.??"]
[Round "?.1"]
[White "Goehring, K."]
[Black "Unzicker, W."]
[Result "0-1"]
[WhiteElo "2365"]
[BlackElo "2465"]
[PlyCount "78"]
[EventDate "1982.??.??"]

1. d4 Nf6 2. c4 e6 3. Nc3 Bb4 4. e3 O-O 5. Bd3 d5 6. Nf3 c5 7. O-O Nc6 8. a3
Bxc3 9. bxc3 dxc4 10. Bxc4 Qc7 11. Bd3 e5 12. Qc2 Re8 13. Nxe5 Nxe5 14. dxe5
Qxe5 15. Re1 Be6 16. f3 Rad8 17. Rb1 Qd5 18. Bf1 Bf5 19. e4 Nxe4 20. fxe4 Rxe4
21. Rxe4 Bxe4 22. Qb2 Bxb1 23. Qxb1 Qd1 24. Kf2 Rd2+ 25. Kg1 g6 26. Qxb7 Qxc1
27. Qb8+ Kg7 28. Qe5+ Kf8 29. Qb8+ Ke7 30. Qxa7+ Kf6 31. Qxc5 Rd1 32. Qf2+ Kg7
33. Qf3 Rd6 34. c4 Rf6 35. Qe2 Qxa3 36. g3 Qc5+ 37. Kg2 Qd4 38. h4 h5 39. Qc2
Rb6 0-1

[Event "BL 8283 Bayern-Porz"]
[Site "?"]
[Date "1982.??.??"]
[Round "?.1"]
[White "Hort, V."]
[Black "Kindermann, S."]
[Result "1-0"]
[WhiteElo "2600"]
[BlackElo "2465"]
[PlyCount "167"]
[EventDate "1982.??.??"]

1. e4 e5 2. Nf3 Nc6 3. Bc4 Bc5 4. O-O Nf6 5. d3 d6 6. c3 a6 7. Nbd2 Ba7 8. Bb3
O-O 9. Nc4 Ne7 10. Nh4 Nc6 11. Nf3 Ne7 12. Bg5 Ng6 13. Nh4 Bg4 14. Qc2 Nf4 15.
Rae1 h6 16. Bxf4 exf4 17. h3 Nd7 18. Nf5 Bxf5 19. exf5 f3 20. g3 Qg5 21. d4 c5
22. Qe4 cxd4 23. cxd4 Qh5 24. Bd1 Nf6 25. Qf4 Qg5 26. Qxf3 d5 27. h4 Qg4 28.
Qxg4 Nxg4 29. Nd2 Nf6 30. Nf3 Rfe8 31. Bb3 Rac8 32. Rxe8+ Rxe8 33. Rc1 Bb6 34.
Kf1 Rd8 35. Ke2 Kf8 36. Kd3 Ke7 37. Ne5 Rf8 38. g4 Kd6 39. f3 Ng8 40. Ba4 Ba7
41. b4 Ne7 42. b5 axb5 43. Bxb5 f6 44. Nd7 Rc8 45. Rxc8 Nxc8 46. Nf8 Ne7 47. h5
Bb6 48. Ne6 g6 49. hxg6 Nxg6 50. Ba4 Ne7 51. Be8 Ba5 52. a4 Bb4 53. Nd8 Kc7 54.
Ne6+ Kd6 55. Bb5 Ba3 56. Kc2 Bb4 57. Nf4 Be1 58. Nd3 Ba5 59. Nc5 Kc7 60. Kd3
Be1 61. Ne6+ Kd6 62. Ke3 Bc3 63. Be8 Bb2 64. Kd2 Ba3 65. Nf8 Nc8 66. Bb5 Bb2
67. Kd3 Bc1 68. Ne6 Ne7 69. a5 Ba3 70. Kc3 Bc1 71. Nc5 Kc7 72. Be8 Be3 73. Kd3
Bc1 74. Bf7 Ba3 75. Be6 Bc1 76. Nd7 Bg5 77. f4 Bxf4 78. Nxf6 Kd6 79. Ne8+ Kc6
80. Bf7 Nc8 81. f6 Kd7 82. Ng7 Nd6 83. Be6+ Kd8 84. Bxd5 1-0

[Event "BL 8283 Bayern-Porz"]
[Site "?"]
[Date "1982.??.??"]
[Round "?.2"]
[White "Bischoff, K."]
[Black "Miles, A."]
[Result "1-0"]
[WhiteElo "2405"]
[BlackElo "2565"]
[PlyCount "113"]
[EventDate "1982.??.??"]

1. g3 e5 2. Bg2 d5 3. c4 d4 4. d3 Nf6 5. Nf3 Nc6 6. O-O a5 7. Na3 Be7 8. Nc2
O-O 9. b3 Re8 10. Bb2 Bf5 11. a3 Qd7 12. Qd2 Bh3 13. b4 Bf8 14. b5 Nb8 15. e3
Bxg2 16. Kxg2 dxe3 17. Nxe3 Bd6 18. Rfe1 c6 19. c5 Bxc5 20. Nxe5 Qd8 21. Nf5
Qd5+ 22. f3 Re6 23. Nxg7 Kxg7 24. Ng4 Nbd7 25. Rxe6 fxe6 26. Qh6+ Kf7 27. Nxf6
Nxf6 28. Qxf6+ Ke8 29. Re1 Kd7 30. bxc6+ Qxc6 31. Qf7+ Be7 32. Bf6 Qd6 33. Bxe7
Qxe7 34. Qxe7+ Kxe7 35. Rb1 Rb8 36. Rb5 b6 37. f4 Rd8 38. Rxb6 Rxd3 39. Rb7+
Kf6 40. Rxh7 Rxa3 41. Ra7 Ra2+ 42. Kh3 e5 43. fxe5+ Kxe5 44. Ra8 a4 45. Ra5+
Kd4 46. g4 Ra3+ 47. Kh4 Ra2 48. h3 Kc4 49. g5 Kb4 50. Ra8 Rg2 51. Kh5 a3 52. h4
a2 53. g6 Kb3 54. Rxa2 Kxa2 55. Kh6 Kb3 56. g7 Kc3 57. h5 1-0

[Event "BL 8283 Bayern-Porz"]
[Site "?"]
[Date "1982.??.??"]
[Round "?.3"]
[White "Marian, R."]
[Black "Klundt, K."]
[Result "1/2-1/2"]
[WhiteElo "2325"]
[BlackElo "2380"]
[PlyCount "34"]
[EventDate "1982.??.??"]

1. d4 Nf6 2. g3 c5 3. Nf3 cxd4 4. Nxd4 Nc6 5. Bg2 g6 6. Nxc6 dxc6 7. Qxd8+ Kxd8
8. b3 Bf5 9. Na3 Bg7 10. Bb2 Rg8 11. O-O-O+ Nd7 12. Bxg7 Rxg7 13. c4 Be6 14. e3
Kc7 15. Nc2 f6 16. Rd2 Rgg8 17. Rhd1 Rgd8 1/2-1/2

[Event "BL 8283 Bayern-Porz"]
[Site "?"]
[Date "1982.??.??"]
[Round "?.4"]
[White "Westermeier, A."]
[Black "Schmidt, B."]
[Result "0-1"]
[WhiteElo "2305"]
[BlackElo "2355"]
[PlyCount "60"]
[EventDate "1982.??.??"]

1. e4 e6 2. d4 d5 3. e5 c5 4. dxc5 Nd7 5. Nf3 Qc7 6. Bb5 Bxc5 7. O-O a6 8.
Bxd7+ Bxd7 9. Nc3 Ne7 10. Bf4 Qb6 11. Rb1 Rc8 12. Ne2 Bb5 13. b4 Bxe2 14. Qxe2
Bd4 15. Rfd1 Rc4 16. b5 Bc3 17. Be3 Qc7 18. bxa6 bxa6 19. Rb6 O-O 20. Rxa6 Nc6
21. Rb1 Bxe5 22. g3 Bf6 23. Rab6 Ra8 24. Qd3 g6 25. Bf4 Qa7 26. Qxc4 dxc4 27.
Rxc6 Qxa2 28. Rb7 Qxc2 29. Kg2 Qe4 30. Rcc7 g5 0-1

[Event "BL 8283 Bayern-Porz"]
[Site "?"]
[Date "1982.??.??"]
[Round "?.5"]
[White "Ostermeyer, P."]
[Black "Saacke, B."]
[Result "1-0"]
[WhiteElo "2435"]
[BlackElo "2380"]
[PlyCount "127"]
[EventDate "1982.??.??"]

1. d4 e6 2. c4 Nf6 3. Nf3 d5 4. Nc3 c5 5. e3 Nc6 6. Bd3 dxc4 7. Bxc4 a6 8. a4
b6 9. O-O Bb7 10. Qe2 cxd4 11. Rd1 Be7 12. exd4 Nb4 13. Ne5 Nbd5 14. Bg5 O-O
15. Rac1 Nxc3 16. bxc3 Nd5 17. Bd2 Bg5 18. Qe4 Bxd2 19. Rxd2 Rc8 20. Rd3 Rc7
21. Rg3 f5 22. Qe2 Qc8 23. Bxd5 Bxd5 24. f4 Rd8 25. Qb2 Bc4 26. h4 b5 27. a5
Rf8 28. h5 Rf6 29. Qb4 Qf8 30. Qxf8+ Kxf8 31. Kf2 Rh6 32. Rh3 Rf6 33. Ke3 Ke7
34. g4 Rf8 35. Rg1 Kf6 36. gxf5 exf5 37. Rhg3 Bd5 38. Kd2 Rfc8 39. Nd3 Re8 40.
Ne5 Rec8 41. h6 g6 42. Rb1 Bc4 43. Rb4 Bd5 44. Rb1 Rg8 45. Rbg1 Re7 46. Kc2 Rc7
47. Kb2 Bf7 48. Ka3 Rgc8 49. Kb4 Re8 50. Re1 Rec8 51. Nxf7 Kxf7 52. Re5 Rc4+
53. Kb3 Re8 54. Rge3 Rxe5 55. Rxe5 Rc6 56. Rc5 Rxc5 57. dxc5 Ke6 58. c4 b4 59.
Kxb4 Kd7 60. Kc3 Kc7 61. c6 Kxc6 62. Kd4 Kd6 63. c5+ Kc6 64. Kc4 1-0

[Event "BL 8283 Bayern-Porz"]
[Site "?"]
[Date "1982.??.??"]
[Round "?.6"]
[White "Schubert, C."]
[Black "Gerusel, M."]
[Result "1/2-1/2"]
[WhiteElo "2255"]
[BlackElo "2390"]
[PlyCount "33"]
[EventDate "1982.??.??"]

1. e4 c5 2. Nf3 e6 3. d4 cxd4 4. Nxd4 a6 5. Bd3 Nf6 6. O-O d6 7. f4 Nbd7 8. Kh1
Qc7 9. a4 b6 10. Nc3 Bb7 11. Qe2 Be7 12. Bd2 O-O 13. b4 Rfd8 14. Rae1 Bf8 15.
Nf3 e5 16. Nd5 Bxd5 17. exd5 {.../38/} 1/2-1/2

[Event "BL 8283 Bayern-Porz"]
[Site "?"]
[Date "1982.??.??"]
[Round "?.7"]
[White "Dankert, P."]
[Black "Leitner, M."]
[Result "0-1"]
[WhiteElo "2380"]
[BlackElo "2250"]
[PlyCount "79"]
[EventDate "1982.??.??"]

1. d4 Nf6 2. c4 e6 3. Nf3 Bb4+ 4. Bd2 Qe7 5. g3 O-O 6. Bg2 Bxd2+ 7. Qxd2 d6 8.
Nc3 e5 9. O-O Re8 10. e4 Bg4 11. d5 a5 12. Ne1 Na6 13. b3 Nc5 14. Nc2 Bd7 15.
Rae1 Reb8 16. f4 b5 17. fxe5 Qxe5 18. cxb5 Rxb5 19. Rf5 Ncxe4 20. Rxe5 Nxd2 21.
R5e2 Rc5 22. Rxd2 Rxc3 23. Nd4 Re8 24. Rxe8+ Nxe8 25. Bf1 Nf6 26. Bc4 Bh3 27.
Ne2 Re3 28. Rc2 g5 29. Rc1 Kg7 30. Nd4 Bd7 31. Bb5 Re4 32. Rxc7 Rxd4 33. Bxd7
Nxd7 34. Rxd7 Rxd5 35. a4 Kf6 36. Rb7 Rd2 37. Rb5 Rb2 38. Rd5 Ke6 39. Rxa5 Rxb3
40. Rxg5 {ZÜ?} 0-1

[Event "BL 8283 Delmenhorst-Frankfurt"]
[Site "?"]
[Date "1982.??.??"]
[Round "?.1"]
[White "Sosonko, G."]
[Black "Juhnke, K."]
[Result "1-0"]
[WhiteElo "2575"]
[BlackElo "2320"]
[PlyCount "94"]
[EventDate "1982.??.??"]

1. d4 Nf6 2. c4 g6 3. Nc3 Bg7 4. e4 d6 5. Nf3 O-O 6. Be2 e5 7. O-O Nc6 8. d5
Ne7 9. Ne1 Nd7 10. Nd3 f5 11. Bd2 Nf6 12. f3 f4 13. c5 g5 14. cxd6 cxd6 15. Nf2
Ng6 16. Qc2 Rf7 17. Rfc1 a6 18. a4 h5 19. h3 Bd7 20. a5 Bf8 21. Na4 Rc8 22. Bc3
Rc7 23. Nb6 Be8 24. Qb3 Rg7 25. Bb4 Nh8 26. Qd1 Rxc1 27. Rxc1 Rc7 28. Rc2 Nd7
29. Na4 Qc8 30. Rc3 Rxc3 31. bxc3 Nf7 32. c4 Qc7 33. Qc2 Be7 34. Nd3 Nc5 35.
Naxc5 dxc5 36. Bc3 Bd6 37. Qb2 Ba4 38. Be1 Bd7 39. Bf2 g4 40. hxg4 hxg4 41. Qb6
g3 42. Bxc5 Bxc5+ 43. Nxc5 Qxb6 44. axb6 Bc8 45. Nb3 Kf8 46. c5 Ke7 47. Na5 Nd8
1-0

[Event "BL 8283 Delmenhorst-Frankfurt"]
[Site "?"]
[Date "1982.??.??"]
[Round "?.2"]
[White "Meyer, CD."]
[Black "Podzielny, K."]
[Result "0-1"]
[WhiteElo "2365"]
[BlackElo "2405"]
[PlyCount "94"]
[EventDate "1982.??.??"]

1. e4 c5 2. Nf3 e6 3. d4 cxd4 4. Nxd4 a6 5. Bd3 Nf6 6. O-O Qc7 7. Kh1 Be7 8. f4
d6 9. Qe2 Nbd7 10. Nc3 O-O 11. Bd2 b5 12. Rae1 Bb7 13. e5 dxe5 14. fxe5 Nd5 15.
Nxd5 Bxd5 16. Qe3 Nc5 17. Qg3 f5 18. b3 Nxd3 19. cxd3 Qd7 20. Ne2 Rac8 21. Bh6
Bb4 22. Rc1 Kh8 23. Be3 Ba3 24. Rxc8 Rxc8 25. Nf4 Bb7 26. h3 Be7 27. h4 Rc2 28.
Rf2 Rxf2 29. Bxf2 g6 30. Qe3 Kg7 31. Qb6 Bc6 32. Qxa6 Kf7 33. Qb6 h6 34. d4 g5
35. hxg5 hxg5 36. d5 Bxd5 37. Nxd5 Qxd5 38. Qe3 Kg6 39. Qe2 b4 40. Be1 Bc5 41.
Qb5 Qxe5 42. Qe8+ Kh6 43. Bd2 Qa1+ 44. Kh2 Qg1+ 45. Kh3 Qh1+ 46. Kg3 Qh4+ 47.
Kf3 Qg4# 0-1

[Event "BL 8283 Delmenhorst-Frankfurt"]
[Site "?"]
[Date "1982.??.??"]
[Round "?.6"]
[White "Dornieden, M."]
[Black "Steinbacher, M."]
[Result "1/2-1/2"]
[WhiteElo "2325"]
[BlackElo "2265"]
[PlyCount "62"]
[EventDate "1982.??.??"]

1. Nf3 c5 2. g3 b6 3. Bg2 Bb7 4. O-O Nf6 5. c4 e6 6. b3 Be7 7. Bb2 d6 8. e3
Nbd7 9. d4 O-O 10. Nc3 a6 11. Qe2 Re8 12. Rfd1 Ra7 13. Ng5 Bxg2 14. Kxg2 Qa8+
15. Qf3 cxd4 16. exd4 b5 17. cxb5 axb5 18. Nxb5 Rxa2 19. d5 Rxa1 20. Nc7 Rxd1
21. Nxa8 Rxd5 22. Nc7 Rf5 23. Qe3 Ng4 24. Qa7 Rxf2+ 25. Kg1 Bxg5 26. Bd4 Rd2
27. Nxe8 Nde5 28. Qa8 Rd1+ 29. Kg2 Rd2+ 30. Kg1 Rd1+ 31. Kg2 Rd2+ 1/2-1/2